000 01399cam a22004334i 4500
003 PE-LiUPU
005 20250731184532.0
008 150623s r 000 0 d
020 _a9751606667
035 _a(Sirsi) i9789751606662
040 _aPE-LiUPU
_bspa
_cPE-LiUPU
_erda
049 _aPRUA
082 0 4 _a935.063
_bU81
_221
111 _aInternational assyriology congress.
_eeditor.
_96250
245 1 0 _aInternational assyriology congress /
264 1 _aAnkara :
_bTürk Tarih Kurumu,
_c1997.
300 _a213 páginas :
_bilustraciones, gráficos, fotos., láms. ;
_c24 centímetros
336 _atext
_2rdacontent
337 _aunmediated
_2rdamedia
338 _avolume
_2rdacarrier
505 0 _aUluslararasi assiriyoloji kongresi, 34º. Istanbul, 6-10-1987/ Ankara: Turk Tarih Yayinlari, 1997. -International assyriology congress.
526 _aP136
526 _aP135
526 _aP134
526 _aP133
526 _aP144
526 _aP143
526 _aP87
526 _aP35
526 _aP20
526 _aP14
526 _aP10
526 _aP06
650 0 4 _aCivilización asirio-babilónica
_vCongresos.
942 _2ddc
_cBOOK
949 _a935.063 U81
_wDEWEY
_c1
_i46640
_lCCODEBUL1
_mBUL
_r0
_sY
_tBOOK
_u2015-6-24
_xTEOLOGIA
_0COMPRA
_o.STAFF. Colección General
980 _81
_gALBERTO SANCHEZ Responsable de Automatización
999 _c23427
_d23427